|
|
|
|
| LEADER |
01128nam a2200229 4500 |
| 001 |
42269 |
| 003 |
BD-DhAAL |
| 005 |
20240215112531.0 |
| 008 |
240215t1986 ii ||||| |||| 00| j ben d |
| 041 |
|
|
|a ben
|
| 082 |
|
|
|a 891.4437
|
| 100 |
|
|
|a চট্টোপাধ্যায়, শরৎচন্দ্র.
|
| 245 |
|
|
|a শরৎসাহিত্যসমগ্র /
|n অখন্ড সংস্করণ,
|c শরৎচন্দ্র চট্টোপাধ্যায়, সম্পাদক সুকুমার সেন
|
| 264 |
|
|
|a কলকাতা :
|b আনন্দ পাবলিশার্স,
|c ১৯৮৬
|
| 300 |
|
|
|a ২২৩৮ পৃষ্ঠা ;
|c ২৭ সে.মি.
|
| 541 |
|
|
|a Donated By Rebecca Dipa Khan
|e 42269
|
| 650 |
|
|
|a Short stories, Bengali
|
| 700 |
|
|
|a সেন, সুকুমার.
|
| 852 |
|
|
|c General Stacks
|
| 942 |
|
|
|2 ddc
|c BK
|
| 999 |
|
|
|c 46404
|d 46404
|
| 952 |
|
|
|0 0
|1 0
|2 ddc
|4 0
|6 891_443700000000000_CHA
|7 0
|9 75137
|a BRACUL
|b BRACUL
|c GEN
|d 2024-02-15
|e Donated By Rebecca Dipa Khan
|g 125.00
|l 5
|m 36
|o 891.4437 CHA
|p 3010042269
|q 2026-05-20
|r 2025-11-09
|s 2025-11-09
|t 1
|w 2024-02-15
|y BK
|